MARC details
| 000 -LEADER |
| fixed length control field |
04416cam a2200805 i 4500 |
| 001 - CONTROL NUMBER |
| control field |
ocn906010450 |
| 003 - CONTROL NUMBER IDENTIFIER |
| control field |
OCoLC |
| 005 - DATE AND TIME OF LATEST TRANSACTION |
| control field |
20241121142741.0 |
| 008 - FIXED-LENGTH DATA ELEMENTS--GENERAL INFORMATION |
| fixed length control field |
160412t20152015nyu 000 f eng |
| 010 ## - LIBRARY OF CONGRESS CONTROL NUMBER |
| LC control number |
2016299049 |
| 015 ## - NATIONAL BIBLIOGRAPHY NUMBER |
| National bibliography number |
GBB590413 |
| Source |
bnb |
| 016 7# - NATIONAL BIBLIOGRAPHIC AGENCY CONTROL NUMBER |
| Record control number |
017436850 |
| Source |
Uk |
| 020 ## - INTERNATIONAL STANDARD BOOK NUMBER |
| International Standard Book Number |
9781609452865 |
| Qualifying information |
(softcover) |
| 020 ## - INTERNATIONAL STANDARD BOOK NUMBER |
| International Standard Book Number |
1609452860 |
| Qualifying information |
(softcover) |
| 035 ## - SYSTEM CONTROL NUMBER |
| System control number |
(OCoLC)906010450 |
| Canceled/invalid control number |
(OCoLC)964386281 |
| 040 ## - CATALOGING SOURCE |
| Original cataloging agency |
DLC |
| Language of cataloging |
eng |
| Description conventions |
rda |
| Transcribing agency |
DLC |
| Modifying agency |
YDXCP |
| -- |
BTCTA |
| -- |
BDX |
| -- |
GL8 |
| -- |
IH7 |
| -- |
ABG |
| -- |
VP@ |
| -- |
CGP |
| -- |
NLGGC |
| -- |
OBE |
| -- |
ILC |
| -- |
COO |
| -- |
UAB |
| -- |
NKM |
| -- |
OCLCF |
| -- |
TCH |
| -- |
RB0 |
| -- |
FOLLT |
| -- |
ZCU |
| -- |
IDU |
| -- |
IBI |
| -- |
EDK |
| -- |
TXUPP |
| -- |
DYJ |
| -- |
SHM |
| -- |
LIP |
| -- |
DCB |
| -- |
SFR |
| -- |
BYV |
| -- |
CHILD |
| -- |
OCLCQ |
| -- |
CSA |
| -- |
OCLCQ |
| -- |
OCLCO |
| -- |
DHA |
| -- |
NZBWR |
| -- |
NMC |
| -- |
OCLCQ |
| -- |
P@N |
| -- |
OCLCQ |
| -- |
MNM |
| -- |
OCLCQ |
| -- |
UKOBU |
| -- |
NAM |
| -- |
OCLCQ |
| -- |
OCLCO |
| -- |
BGU |
| -- |
OCLCQ |
| -- |
UKMGB |
| -- |
UKUOY |
| -- |
NZLEP |
| -- |
OCLCQ |
| -- |
CNGUL |
| -- |
ICL |
| -- |
OCLCO |
| -- |
CUY |
| -- |
LKC |
| -- |
TL4 |
| -- |
NZIPP |
| -- |
UTP |
| -- |
OCLCO |
| -- |
NZAUC |
| -- |
OCLCO |
| -- |
KFH |
| -- |
MQS |
| -- |
OCLCQ |
| -- |
OCLCO |
| -- |
OCL |
| -- |
OCLCQ |
| -- |
ZVR |
| -- |
OCLCO |
| -- |
T2G |
| -- |
OCLCO |
| -- |
BUF |
| -- |
TXGPM |
| -- |
OCLCO |
| -- |
P2Q |
| -- |
OCLCO |
| -- |
STQ |
| -- |
OCLCO |
| -- |
CPA |
| -- |
OCLCO |
| -- |
LWA |
| -- |
OCLCO |
| -- |
OCLCA |
| -- |
SGP |
| -- |
OCLCQ |
| -- |
OCLCO |
| -- |
OCLCQ |
| -- |
WAU |
| -- |
OCLCO |
| -- |
UCIDS |
| -- |
CSL |
| -- |
TXHLS |
| -- |
OCLCO |
| 041 1# - LANGUAGE CODE |
| Language code of text/sound track or separate title |
eng |
| Language code of original and/or intermediate translations of text |
ita |
| 042 ## - AUTHENTICATION CODE |
| Authentication code |
pcc |
| 043 ## - GEOGRAPHIC AREA CODE |
| Geographic area code |
e-it--- |
| 050 00 - LIBRARY OF CONGRESS CALL NUMBER |
| Classification number |
PQ4866.E6345 |
| Item number |
S77513 2015 |
| 060 00 - NATIONAL LIBRARY OF MEDICINE CALL NUMBER |
| Classification number |
PZ 4 |
| 082 00 - DEWEY DECIMAL CLASSIFICATION NUMBER |
| Classification number |
853/.914 |
| Edition number |
23 |
| 084 ## - OTHER CLASSIFICATION NUMBER |
| Classification number |
FIC000000 |
| -- |
FIC019000 |
| Source of number |
bisacsh |
| 084 ## - OTHER CLASSIFICATION NUMBER |
| Classification number |
I546.45 |
| Source of number |
clc |
| 092 ## - LOCALLY ASSIGNED DEWEY CALL NUMBER (OCLC) |
| Classification number |
adult fiction |
| Item number |
Ferrante |
| 100 1# - MAIN ENTRY--PERSONAL NAME |
| Personal name |
Ferrante, Elena, |
| Relator term |
author. |
| 9 (RLIN) |
5696114 |
| 240 10 - UNIFORM TITLE |
| Uniform title |
<a href="Storia della bambina perduta.">Storia della bambina perduta.</a> |
| Language of a work |
English |
| 245 14 - TITLE STATEMENT |
| Title |
The story of the lost child / |
| Statement of responsibility, etc |
Elena Ferrante ; translated from the Italian by Ann Goldstein. |
| 264 #1 - Production, Publication, Distribution, Manufacture, and Copyright Notice. |
| Place of production, publication, distribution, manufacture |
New York, N.Y. : |
| Name of producer, publisher, distributor, manufacturer |
Europa Editions, |
| Date of production, publication, distribution, manufacture, or copyr |
2015. |
| 264 #4 - Production, Publication, Distribution, Manufacture, and Copyright Notice. |
| Date of production, publication, distribution, manufacture, or copyr |
©2015 |
| 300 ## - PHYSICAL DESCRIPTION |
| Extent |
473 pages ; |
| Dimensions |
22 cm |
| 336 ## - Content Type |
| Content type term |
text |
| 337 ## - Media type |
| Media type term |
unmediated |
| 338 ## - Carrier type |
| Carrier type term |
volume |
| 490 ## - SERIES STATEMENT |
| Series statement |
Neapolitan novels ; |
| Volume number/sequential designation |
book 4 |
| 500 ## - GENERAL NOTE |
| General note |
"Maturity, old age." |
| 505 0# - FORMATTED CONTENTS NOTE |
| Formatted contents note |
Maturity -- Old Age. |
| 520 ## - SUMMARY, ETC. |
| Summary, etc |
The brilliant, bookish Elena and the fiery uncontainable Lila are adults; life's great discoveries have been made, its vagaries and losses have been suffered. Through it all, the women's friendship, examined in its every detail over the course of four books, remains the gravitational center of their lives. Both women once fought to escape the neighborhood in which they grew up-a prison of conformity, violence, and inviolable taboos. Elena married, moved to Florence, started a family, and published several well-received books. But now, she has returned to Naples to be with the man she has always loved. Lila, on the other hand, never succeeded in freeing herself from Naples. She has become a successful entrepreneur, but her success draws her into closer proximity with the nepotism, chauvinism, and criminal violence that infect her neighborhood. Yet somehow this proximity to a world she has always rejected only brings her role as unacknowledged leader of that world into relief. For Lila is unstoppable, unmanageable, unforgettable. |
| 546 ## - LANGUAGE NOTE |
| Language note |
Translated from the Italian. |
| 586 ## - AWARDS NOTE |
| Awards note |
The Man Booker International Prize : Shortlist 2016. |
| 650 #0 - SUBJECT ADDED ENTRY--TOPICAL TERM |
| Topical term or geographic name as entry element |
Female friendship |
| Form subdivision |
Fiction. |
| 9 (RLIN) |
5674580 |
| 650 #1 - SUBJECT ADDED ENTRY--TOPICAL TERM |
| Topical term or geographic name as entry element |
Entrepreneurship |
| Form subdivision |
Fiction. |
| 9 (RLIN) |
5675863 |
| 650 #1 - SUBJECT ADDED ENTRY--TOPICAL TERM |
| Topical term or geographic name as entry element |
Friendship |
| Form subdivision |
Fiction. |
| 9 (RLIN) |
5673769 |
| 650 #6 - SUBJECT ADDED ENTRY--TOPICAL TERM |
| Topical term or geographic name as entry element |
Amitié féminine |
| Form subdivision |
Romans, nouvelles, etc. |
| 9 (RLIN) |
6485386 |
| 650 #7 - SUBJECT ADDED ENTRY--TOPICAL TERM |
| Topical term or geographic name as entry element |
Female friendship |
| Form subdivision |
Fiction. |
| Source of heading or term |
cct |
| 9 (RLIN) |
5674580 |
| 650 #7 - SUBJECT ADDED ENTRY--TOPICAL TERM |
| Topical term or geographic name as entry element |
Female friendship |
| Source of heading or term |
fast |
| 650 #7 - SUBJECT ADDED ENTRY--TOPICAL TERM |
| Topical term or geographic name as entry element |
Women's friendships. |
| Source of heading or term |
homoit |
| 9 (RLIN) |
6496859 |
| 650 #7 - SUBJECT ADDED ENTRY--TOPICAL TERM |
| Topical term or geographic name as entry element |
Female friendship |
| Form subdivision |
Fiction. |
| Source of heading or term |
sears |
| 9 (RLIN) |
5674580 |
| 651 #0 - SUBJECT ADDED ENTRY--GEOGRAPHIC NAME |
| Geographic name |
Naples (Italy) |
| Form subdivision |
Fiction. |
| 9 (RLIN) |
5696120 |
| 651 #7 - SUBJECT ADDED ENTRY--GEOGRAPHIC NAME |
| Geographic name |
Naples (Italy) |
| Source of heading or term |
cct |
| 651 #7 - SUBJECT ADDED ENTRY--GEOGRAPHIC NAME |
| Geographic name |
Italy |
| Geographic subdivision |
Naples |
| Source of heading or term |
fast |
| 9 (RLIN) |
6377666 |
| 651 #7 - SUBJECT ADDED ENTRY--GEOGRAPHIC NAME |
| Geographic name |
Naples (Italy) |
| Form subdivision |
Fiction. |
| Source of heading or term |
sears |
| 9 (RLIN) |
5696120 |
| 655 #0 - INDEX TERM--GENRE/FORM |
| Genre/form data or focus term |
Domestic fiction. |
| 655 #2 - INDEX TERM--GENRE/FORM |
| Genre/form data or focus term |
Fictional Work |
| 9 (RLIN) |
6419090 |
| 655 #4 - INDEX TERM--GENRE/FORM |
| Genre/form data or focus term |
Domestic fiction. |
| 655 #7 - INDEX TERM--GENRE/FORM |
| Genre/form data or focus term |
Fiction in translation. |
| Source of term |
eflch |
| 9 (RLIN) |
6496860 |
| 655 #7 - INDEX TERM--GENRE/FORM |
| Genre/form data or focus term |
Domestic fiction |
| Source of term |
fast |
| 655 #7 - INDEX TERM--GENRE/FORM |
| Genre/form data or focus term |
Fiction |
| Source of term |
fast |
| 9 (RLIN) |
5673940 |
| 655 #7 - INDEX TERM--GENRE/FORM |
| Genre/form data or focus term |
Historical fiction. |
| Source of term |
gsafd |
| 655 #7 - INDEX TERM--GENRE/FORM |
| Genre/form data or focus term |
Romans (teksten) |
| Source of term |
gtt |
| 9 (RLIN) |
5723634 |
| 655 #7 - INDEX TERM--GENRE/FORM |
| Genre/form data or focus term |
Novels. |
| Source of term |
lcgft |
| 655 #7 - INDEX TERM--GENRE/FORM |
| Genre/form data or focus term |
Psychological fiction. |
| Source of term |
lcgft |
| 9 (RLIN) |
5673631 |
| 655 #7 - INDEX TERM--GENRE/FORM |
| Genre/form data or focus term |
Domestic fiction. |
| Source of term |
lcgft |
| 655 #7 - INDEX TERM--GENRE/FORM |
| Genre/form data or focus term |
Romans. |
| Source of term |
rvmgf |
| 9 (RLIN) |
6374904 |
| 655 #7 - INDEX TERM--GENRE/FORM |
| Genre/form data or focus term |
General. |
| Source of term |
ukslc |
| 9 (RLIN) |
6496861 |
| 655 #7 - INDEX TERM--GENRE/FORM |
| Genre/form data or focus term |
Fiction in Translation. |
| Source of term |
ukslc |
| 9 (RLIN) |
6496862 |
| 700 1# - ADDED ENTRY--PERSONAL NAME |
| Personal name |
Goldstein, Ann, |
| Dates associated with a name |
1949- |
| Relator term |
translator. |
| 9 (RLIN) |
44509 |
| 700 12 - ADDED ENTRY--PERSONAL NAME |
| Personal name |
Ferrante, Elena. |
| Title of a work |
Storia di chi fugge e di chi resta. |
| Language of a work |
English. |
| 9 (RLIN) |
6496863 |
| 942 ## - ADDED ENTRY ELEMENTS (KOHA) |
| Source of classification or shelving scheme |
Dewey Decimal Classification |
| Koha item type |
BOOK |